| 000 | 00638nam a2200229 a 4500 | ||
|---|---|---|---|
| 001 | 63678 | ||
| 003 | BD-RjUL | ||
| 005 | 20211209081225.0 | ||
| 008 | 170202s1911 enk 000 0 eng | ||
| 035 | _a(BD-RjUL)63807 | ||
| 040 |
_aDLC _cAzU _dAzU _dBD-RjUL _beng |
||
| 041 | 1 | _aeng | |
| 082 |
_223 _a891.553 _bEDW 1911 |
||
| 100 |
_aEdwards A. Hart _9189109 |
||
| 245 | 1 | 4 |
_aThe Bustān of Sadi / _cby A. Hart Edwards. |
| 260 |
_aLondon ; _bJ. Murray, _c1911. |
||
| 300 |
_a124 p. ; _c17 cm. |
||
| 490 | 0 | _aThe wisdom of the East series | |
| 650 |
_aManners and customs _9171679 |
||
| 650 |
_aPersian poetry _9189110 |
||
| 942 |
_2ddc _cBK |
||
| 999 |
_c63678 _d63678 |
||